[Event "EU-ch (Women) 11th"]
[Site "Rijeka"]
[Date "2010.03.06"]
[Round "1.50"]
[White "Kachiani Gersinska, Ketino"]
[Black "Makka, Ioulia"]
[Result "1-0"]
[WhiteElo "2346"]
[BlackElo "2180"]
[PlyCount "119"]
[EventDate "2010.03.06"]
[EventType "swiss"]
[EventRounds "11"]
[EventCountry "CRO"]
[SourceDate "2010.03.06"]

1. d4 Nf6 2. c4 e6 3. g3 d5 4. Nf3 dxc4 5. Bg2 Nc6 6. Qa4 Bb4+ 7. Bd2 Nd5 8.
Bxb4 Ndxb4 9. O-O Rb8 10. Na3 a6 11. Ne5 O-O 12. Nxc6 Nxc6 13. Qxc4 Qxd4 14.
Bxc6 Qxc4 15. Nxc4 bxc6 16. b3 Rb5 17. Rfc1 f6 18. Nb2 Bd7 19. Na4 Rd5 20. Nc5
Bc8 21. b4 Rfd8 22. f3 e5 23. Nb3 Bd7 24. Kf2 Rb8 25. a3 Kf7 26. Rc3 Ke7 27.
Rac1 Rbb5 28. h4 g6 29. R3c2 f5 30. f4 exf4 31. gxf4 h6 32. Rc3 Kf6 33. Rc4 g5
34. hxg5+ hxg5 35. fxg5+ Kxg5 36. Nd4 Rb6 37. Nxc6 Bxc6 38. Rxc6 a5 39. Rg1+
Kf4 40. Rxc7 axb4 41. Rc4+ Ke5 42. axb4 Rh6 43. Rg8 Rb5 44. Re8+ Kd5 45. Rf4
Kc6 46. Rc8+ Kd6 47. e3 Rh2+ 48. Kg3 Rb2 49. Rd4+ Ke7 50. Rcc4 Ke6 51. Kf3 Rb1
52. Rh4 Rb3 53. Rh6+ Kd7 54. Rh7+ Kd6 55. Rd4+ Kc6 56. Rh6+ Kc7 57. Rh7+ Kc6
58. Rh6+ Kc7 59. Rc4+ Kd7 60. Rd4+ 1-0

[Event "EU-ch (Women) 11th"]
[Site "Rijeka"]
[Date "2010.03.06"]
[Round "1.51"]
[White "Efroimski, Marsel"]
[Black "Cosma, Elena Luminita"]
[Result "1/2-1/2"]
[WhiteElo "2178"]
[BlackElo "2346"]
[PlyCount "63"]
[EventDate "2010.03.06"]
[EventType "swiss"]
[EventRounds "11"]
[EventCountry "CRO"]
[SourceDate "2010.03.06"]

1. e4 e6 2. d4 d5 3. Nd2 c5 4. exd5 exd5 5. Bb5+ Bd7 6. Bxd7+ Nxd7 7. Ngf3 Ngf6
8. O-O Be7 9. Re1 O-O 10. dxc5 Nxc5 11. Nf1 Re8 12. Be3 a6 13. Bd4 Ne6 14. Qd3
Nxd4 15. Nxd4 Qb6 16. Nd2 Bc5 17. N2b3 Re4 18. Nxc5 Qxc5 19. Nb3 Qe7 20. Red1
Re8 21. h3 Qb4 22. Qd2 Qb6 23. Qa5 Qxa5 24. Nxa5 Re2 25. Rac1 Rc8 26. Nxb7
Rcxc2 27. Rxc2 Rxc2 28. b4 Rxa2 29. h4 h6 30. Rd4 Kf8 31. Kf1 Ke7 32. Ke1
1/2-1/2

[Event "EU-ch (Women) 11th"]
[Site "Rijeka"]
[Date "2010.03.06"]
[Round "1.52"]
[White "Gvetadze, Sopio"]
[Black "Partac, Elena"]
[Result "1-0"]
[WhiteElo "2342"]
[BlackElo "2172"]
[PlyCount "45"]
[EventDate "2010.03.06"]
[EventType "swiss"]
[EventRounds "11"]
[EventCountry "CRO"]
[SourceDate "2010.03.06"]

1. e4 c5 2. Nf3 Nc6 3. d4 cxd4 4. Nxd4 g6 5. Nc3 Bg7 6. Be3 Nf6 7. Bc4 O-O 8.
Bb3 d6 9. f3 Bd7 10. Qd2 Na5 11. O-O-O Nxb3+ 12. cxb3 a5 13. h4 h5 14. Rdg1 a4
15. bxa4 Bxa4 16. g4 Qa5 17. gxh5 Nxh5 18. Rg5 Qb4 19. Rxh5 gxh5 20. Rg1 Kh7
21. Rxg7+ Kxg7 22. Nf5+ Kh7 23. Bc5 1-0

[Event "EU-ch (Women) 11th"]
[Site "Rijeka"]
[Date "2010.03.06"]
[Round "1.53"]
[White "Kushka, Alena"]
[Black "Borsuk, Angela"]
[Result "1/2-1/2"]
[WhiteElo "2164"]
[BlackElo "2338"]
[PlyCount "68"]
[EventDate "2010.03.06"]
[EventType "swiss"]
[EventRounds "11"]
[EventCountry "CRO"]
[SourceDate "2010.03.06"]

1. d4 d6 2. Nf3 Nf6 3. c4 Nbd7 4. g3 e5 5. Bg2 c6 6. Nc3 Be7 7. O-O O-O 8. e4
a5 9. Qc2 Qc7 10. a4 Re8 11. h3 Bf8 12. Be3 g6 13. Rad1 Bg7 14. Rfe1 Nf8 15. b3
Bd7 16. c5 d5 17. exd5 Nxd5 18. Nxd5 cxd5 19. Nxe5 Bxe5 20. dxe5 Rxe5 21. Bxd5
Bxh3 22. Bf4 Rxe1+ 23. Rxe1 Qd7 24. Qe4 Ne6 25. Bd6 Bf5 26. Qg2 Re8 27. g4 Bd3
28. Qf3 Ba6 29. Qf6 Nc7 30. Rxe8+ Nxe8 31. Kg2 Nxd6 32. cxd6 b5 33. f3 bxa4 34.
bxa4 Bc8 1/2-1/2

[Event "EU-ch (Women) 11th"]
[Site "Rijeka"]
[Date "2010.03.06"]
[Round "1.54"]
[White "Charkhalashvili, Inga"]
[Black "Kouvatsou, Maria"]
[Result "0-1"]
[WhiteElo "2338"]
[BlackElo "2161"]
[PlyCount "57"]
[EventDate "2010.03.06"]
[EventType "swiss"]
[EventRounds "11"]
[EventCountry "CRO"]
[SourceDate "2010.03.06"]

1. d4 f5 2. Bg5 Nf6 3. Bxf6 exf6 4. e3 g6 5. c4 d5 6. Nc3 Be6 7. Qb3 dxc4 8.
Qxb7 Nd7 9. Qc6 Bd6 10. Bxc4 Bxc4 11. Qxc4 Rb8 12. Rb1 Rb4 13. Qe6+ Kf8 14.
Nge2 Kg7 15. a3 Rb6 16. Qa2 a5 17. Nd5 Ra6 18. Ndf4 Re8 19. O-O Qb8 20. Qc4 Rb6
21. Nd5 Rb7 22. Rfc1 c5 23. dxc5 Nxc5 24. Qd4 Ne4 25. f4 Bxa3 26. Rc2 Qd6 27.
Ra1 Nc5 28. bxa3 Rd8 29. Ng3 0-1

[Event "EU-ch (Women) 11th"]
[Site "Rijeka"]
[Date "2010.03.06"]
[Round "1.55"]
[White "Sargac, Rajna"]
[Black "Cherednichenko, Svetlana"]
[Result "1-0"]
[WhiteElo "2157"]
[BlackElo "2337"]
[PlyCount "113"]
[EventDate "2010.03.06"]
[EventType "swiss"]
[EventRounds "11"]
[EventCountry "CRO"]
[SourceDate "2010.03.06"]

1. d4 Nf6 2. c4 g6 3. Nc3 Bg7 4. g3 O-O 5. Bg2 d6 6. e3 Nc6 7. Nge2 e5 8. O-O
Re8 9. h3 exd4 10. exd4 Bf5 11. g4 Bd7 12. Bg5 h6 13. Bh4 Qc8 14. Qd2 Kh7 15.
b3 a6 16. d5 Ne7 17. Nd4 Rb8 18. Rae1 b5 19. cxb5 Bxb5 20. Ncxb5 axb5 21. Nc6
Nxc6 22. dxc6 Qa6 23. Qf4 g5 24. Qf5+ Kg8 25. Bg3 Qxa2 26. Rxe8+ Rxe8 27. Qxb5
Qc2 28. Qb7 Re7 29. Bxd6 Re6 30. Bxc7 Ne4 31. Bxe4 Qxe4 32. b4 Qxc6 33. Qxc6
Rxc6 34. Bg3 Bd4 35. b5 Rc3 36. Kg2 Rb3 37. Rd1 Bb6 38. Rd5 Kg7 39. Be5+ Kg8
40. Bf6 Rb4 41. Bd8 Bxd8 42. Rxd8+ Kg7 43. Rb8 Kf6 44. b6 Ke5 45. Kf3 Rb3+ 46.
Kg2 Kf4 47. Rb7 f6 48. Rb8 Rb2 49. b7 Rb3 50. Rf8 Rxb7 51. Rxf6+ Ke4 52. Rxh6
Rb5 53. Rh5 Kf4 54. Rh8 Ke4 55. Rf8 Ra5 56. Kg3 Rb5 57. f3+ 1-0

[Event "EU-ch (Women) 11th"]
[Site "Rijeka"]
[Date "2010.03.06"]
[Round "1.57"]
[White "Abdulla, Khayala Mardan Qizi"]
[Black "Tsatsalashvili, Ketevan"]
[Result "1/2-1/2"]
[WhiteElo "2141"]
[BlackElo "2326"]
[PlyCount "66"]
[EventDate "2010.03.06"]
[EventType "swiss"]
[EventRounds "11"]
[EventCountry "CRO"]
[SourceDate "2010.03.06"]

1. e4 c5 2. Nf3 d6 3. d4 cxd4 4. Nxd4 Nf6 5. Nc3 Nc6 6. Bc4 e6 7. Bb3 a6 8. Be3
Qc7 9. f4 Be7 10. Qf3 Nxd4 11. Bxd4 b5 12. a3 Bb7 13. O-O-O O-O 14. g4 Nd7 15.
f5 Rae8 16. Kb1 Kh8 17. Qg3 Bd8 18. Rdg1 Nc5 19. e5 d5 20. Qe3 Nd7 21. Rg3 exf5
22. gxf5 Nxe5 23. Nxd5 Bxd5 24. Bxd5 Bf6 25. Qb3 Rd8 26. Bc3 Rd7 27. Rhg1 Rfd8
28. Be4 Rd1+ 29. Rxd1 Rxd1+ 30. Ka2 h6 31. Bf3 Rd8 32. Qb4 Rb8 33. Be4 Qd7
1/2-1/2

[Event "EU-ch (Women) 11th"]
[Site "Rijeka"]
[Date "2010.03.06"]
[Round "1.58"]
[White "Paikidze, Nazi"]
[Black "Pavlidou, Ekaterini"]
[Result "0-1"]
[WhiteElo "2322"]
[BlackElo "2135"]
[PlyCount "70"]
[EventDate "2010.03.06"]
[EventType "swiss"]
[EventRounds "11"]
[EventCountry "CRO"]
[SourceDate "2010.03.06"]

1. d4 Nf6 2. c4 e6 3. Nf3 b6 4. g3 Ba6 5. Qc2 d5 6. cxd5 exd5 7. Bg2 Be7 8. Bf4
Bd6 9. Ne5 O-O 10. O-O Bb7 11. Nc3 c6 12. Bf3 Na6 13. Rad1 Nc7 14. e4 Ne6 15.
Be3 Qb8 16. Nxc6 Bxc6 17. exd5 Bb7 18. Qf5 Nc7 19. Bh6 Qd8 20. Bg5 Bc8 21. Qc2
h6 22. Bxf6 Qxf6 23. Bg2 Bf5 24. Qa4 Qg6 25. Qc6 Rfd8 26. Rfe1 Rab8 27. a4 Bc2
28. Rd2 Bb3 29. Ra1 b5 30. a5 b4 31. Nd1 Rbc8 32. Qb7 Bc4 33. Ne3 Bb5 34. h4
Rb8 35. h5 Qf6 0-1

[Event "EU-ch (Women) 11th"]
[Site "Rijeka"]
[Date "2010.03.06"]
[Round "1.59"]
[White "Coimbra, Margarida"]
[Black "Zimina, Olga"]
[Result "1/2-1/2"]
[WhiteElo "2123"]
[BlackElo "2319"]
[PlyCount "211"]
[EventDate "2010.03.06"]
[EventType "swiss"]
[EventRounds "11"]
[EventCountry "CRO"]
[SourceDate "2010.03.06"]

1. e4 e5 2. Nf3 Nc6 3. d4 exd4 4. Nxd4 Bc5 5. Be3 Qf6 6. c3 Nge7 7. Bc4 Ne5 8.
Be2 d5 9. O-O O-O 10. Nd2 Bb6 11. Nc2 Rd8 12. Bxb6 Qxb6 13. Qc1 dxe4 14. Nxe4
Bf5 15. Ng3 Bd3 16. b3 Qg6 17. Ne1 Bxe2 18. Nxe2 Re8 19. Nd4 c5 20. Ndf3 N7c6
21. Qf4 Rad8 22. Nxe5 Nxe5 23. Nf3 Nd3 24. Qc7 b6 25. Rad1 Qg4 26. h3 Qe6 27.
Rd2 Rd7 28. Qg3 c4 29. Nd4 Qe5 30. Qxe5 Nxe5 31. Rfd1 f6 32. Kf1 Rc8 33. Ne2
Rd3 34. bxc4 Rxd2 35. Rxd2 Rxc4 36. f4 Nc6 37. Kf2 Ra4 38. Nd4 Nxd4 39. cxd4
Kf7 40. Ke3 Ke6 41. d5+ Kd6 42. f5 Rc4 43. Kf3 Rc7 44. Rd3 Ke5 45. g4 Kd6 46.
Ke4 Re7+ 47. Kd4 Re5 48. Kc4 Re4+ 49. Kb3 b5 50. Rc3 a5 51. Rc6+ Kxd5 52. Rc7
Re3+ 53. Kb2 Rxh3 54. Rxg7 Kc4 55. g5 Rh2+ 56. Kb1 fxg5 57. Rxg5 Rf2 58. Rh5 a4
59. Rxh7 Rxf5 60. Rh1 Rd5 61. Rg1 Kb4 62. Rg4+ Kc3 63. Rg3+ Rd3 64. Rg1 Kb4 65.
Rg4+ Ka3 66. Rg1 Re3 67. Rh1 Re2 68. Rh3+ Kb4 69. Rh4+ Kc3 70. Rh3+ Kb4 71.
Rh4+ Ka5 72. Rh1 b4 73. Rh5+ Kb6 74. Rh1 Kc5 75. Rc1+ Kd4 76. Rd1+ Kc3 77. Rc1+
Kd3 78. Rd1+ Ke3 79. Rc1 Kd3 80. Rd1+ Kc4 81. Rc1+ Kb5 82. Rh1 Re3 83. Rh5+ Kc4
84. Rh4+ Kc3 85. Rh1 Rd3 86. Rg1 a3 87. Rc1+ Kd4 88. Rh1 Rd2 89. Rh4+ Kc3 90.
Rh3+ Kc4 91. Rh4+ Kb5 92. Rh5+ Ka4 93. Rh1 Rb2+ 94. Ka1 Re2 95. Kb1 Rd2 96. Rg1
Kb5 97. Rg5+ Kc4 98. Rg4+ Kc3 99. Rg3+ Kc4 100. Rg4+ Rd4 101. Rxd4+ Kxd4 102.
Kc2 Kc4 103. Kb1 Kc3 104. Ka1 Kd3 105. Kb1 Kc3 106. Ka1 1/2-1/2

[Event "EU-ch (Women) 11th"]
[Site "Rijeka"]
[Date "2010.03.06"]
[Round "1.60"]
[White "Chelushkina, Irina"]
[Black "Kharatyan, Anahit"]
[Result "1-0"]
[WhiteElo "2319"]
[BlackElo "2117"]
[PlyCount "75"]
[EventDate "2010.03.06"]
[EventType "swiss"]
[EventRounds "11"]
[EventCountry "CRO"]
[SourceDate "2010.03.06"]

1. e4 e5 2. Nf3 d6 3. d4 Nf6 4. Nc3 Nbd7 5. a4 Be7 6. a5 c6 7. Be2 O-O 8. O-O
Re8 9. d5 Nc5 10. Nd2 cxd5 11. exd5 Bf5 12. Nc4 Qc8 13. Nb5 Qd7 14. Ne3 Bg6 15.
Na3 Qc8 16. Nec4 Be4 17. Nb5 Qd7 18. Ne3 Bg6 19. b4 Nce4 20. Bb2 Rec8 21. f3
Ng5 22. h4 Nh3+ 23. gxh3 Qxh3 24. Rf2 Qxh4 25. c4 Nh5 26. Rh2 Qg5+ 27. Ng2 f5
28. c5 f4 29. c6 bxc6 30. dxc6 Ng3 31. Bc4+ Kh8 32. Nc3 e4 33. Nxe4 Nxe4 34.
fxe4 Bxe4 35. Bc1 Rxc6 36. Bxf4 Qf6 37. Bb5 Rc2 38. Bg3 1-0

[Event "EU-ch (Women) 11th"]
[Site "Rijeka"]
[Date "2010.03.06"]
[Round "1.61"]
[White "Cherednichenko, Elena"]
[Black "Manakova, Maria"]
[Result "1/2-1/2"]
[WhiteElo "2100"]
[BlackElo "2315"]
[PlyCount "96"]
[EventDate "2010.03.06"]
[EventType "swiss"]
[EventRounds "11"]
[EventCountry "CRO"]
[SourceDate "2010.03.06"]

1. d4 Nf6 2. Nf3 g6 3. Bf4 Bg7 4. e3 O-O 5. Be2 d6 6. h3 Nbd7 7. O-O e6 8. c4
Qe7 9. Nc3 e5 10. Bh2 c6 11. Qc2 Ne8 12. b4 f5 13. c5 e4 14. cxd6 Nxd6 15. Ng5
Nb6 16. Qb3+ Nf7 17. Nxf7 Rxf7 18. a3 Be6 19. Qc2 Rc8 20. Na4 Nxa4 21. Qxa4 a6
22. Qa5 Bd5 23. Qc5 Qd7 24. Rac1 Rd8 25. Bf4 Bf6 26. Bc4 Qe6 27. Bxd5 Rxd5 28.
Qc2 g5 29. Bb8 g4 30. Kh2 Rg7 31. Bf4 Be7 32. Rh1 Bd6 33. Bxd6 Qxd6+ 34. g3
gxh3 35. Kxh3 a5 36. Rb1 Rb5 37. Kg2 axb4 38. Qc4+ Kh8 39. Rxb4 Ra5 40. Qb3 b5
41. a4 Rxa4 42. Rxa4 bxa4 43. Qxa4 f4 44. exf4 e3 45. Qa8+ Rg8 46. Qa5 Qxf4 47.
Qe5+ Qxe5 48. dxe5 exf2 1/2-1/2

[Event "EU-ch (Women) 11th"]
[Site "Rijeka"]
[Date "2010.03.06"]
[Round "1.62"]
[White "Vega Gutierrez, Sabrina"]
[Black "Berke, Ana"]
[Result "1-0"]
[WhiteElo "2314"]
[BlackElo "2097"]
[PlyCount "55"]
[EventDate "2010.03.06"]
[EventType "swiss"]
[EventRounds "11"]
[EventCountry "CRO"]
[SourceDate "2010.03.06"]

1. e4 e5 2. Nf3 Nc6 3. Bb5 Nf6 4. O-O Nxe4 5. d4 Nd6 6. dxe5 Nxb5 7. a4 Nbd4 8.
Nxd4 Nxd4 9. Qxd4 d5 10. Nc3 c6 11. Qd3 g6 12. Qg3 Bg7 13. Bg5 Qd7 14. Ne4 Qg4
15. Qa3 Qe6 16. Nf6+ Kd8 17. Nxd5+ Kd7 18. Nf4 Qxe5 19. Rfd1+ Kc7 20. Be7 Bf8
21. Bxf8 Rxf8 22. Qxf8 Qxf4 23. Ra3 Qf6 24. Rf3 Bg4 25. Qxa8 Bxf3 26. gxf3 Qg5+
27. Kf1 Qh4 28. Qe8 1-0

[Event "EU-ch (Women) 11th"]
[Site "Rijeka"]
[Date "2010.03.06"]
[Round "1.63"]
[White "Ikonomopoulou, Maria"]
[Black "Schneider, Veronika"]
[Result "0-1"]
[WhiteElo "2081"]
[BlackElo "2314"]
[PlyCount "100"]
[EventDate "2010.03.06"]
[EventType "swiss"]
[EventRounds "11"]
[EventCountry "CRO"]
[SourceDate "2010.03.06"]

1. e4 c5 2. Nf3 e6 3. d4 cxd4 4. Nxd4 a6 5. Nc3 b5 6. Be2 Bb7 7. O-O Qc7 8. Re1
Nf6 9. Bf3 b4 10. Nd5 exd5 11. exd5+ Kd8 12. Bg5 Bd6 13. Nf5 h6 14. Nxh6 Bxh2+
15. Kh1 Bf4 16. d6 Qxd6 17. Qxd6 Bxd6 18. Bxb7 Ra7 19. Bf3 Be7 20. Be3 Rc7 21.
Kg1 Rxh6 22. Bb6 Bc5 23. Bxc7+ Kxc7 24. c3 bxc3 25. bxc3 Nc6 26. Rab1 g5 27. g3
d6 28. Kg2 Nd7 29. Bd5 Rf6 30. Re2 Nde5 31. Reb2 Na5 32. Rh1 Nd3 33. Re2 Nc6
34. f3 Nce5 35. Be4 Bb6 36. Rd1 Nc5 37. Bd5 Ba5 38. Re3 Rh6 39. Rb1 f6 40. Rh1
Rxh1 41. Kxh1 Ncd3 42. Bb3 Kc6 43. Bc2 Nc5 44. f4 Nc4 45. Rf3 g4 46. Rf2 Bxc3
47. Bb3 Nd2 48. Kg2 d5 49. f5 Ncxb3 50. axb3 Nxb3 0-1

[Event "EU-ch (Women) 11th"]
[Site "Rijeka"]
[Date "2010.03.06"]
[Round "1.64"]
[White "Kochetkova, Julia"]
[Black "Brunello, Roberta"]
[Result "1-0"]
[WhiteElo "2313"]
[BlackElo "2043"]
[PlyCount "71"]
[EventDate "2010.03.06"]
[EventType "swiss"]
[EventRounds "11"]
[EventCountry "CRO"]
[SourceDate "2010.03.06"]

1. e4 e5 2. Nf3 Nc6 3. Bc4 Bc5 4. c3 Nf6 5. d3 a6 6. Bb3 d6 7. O-O Ba7 8. h3 h6
9. Re1 O-O 10. Nbd2 Nh5 11. Nf1 Qf6 12. Be3 Nf4 13. d4 h5 14. Kh1 h4 15. N1h2
Re8 16. Qd2 Na5 17. Bxf4 Nxb3 18. axb3 exf4 19. e5 dxe5 20. Rxe5 Rxe5 21. Nxe5
Be6 22. b4 Rd8 23. Re1 a5 24. bxa5 c5 25. a6 cxd4 26. axb7 dxc3 27. Qxc3 Bd5
28. Qb4 Bb8 29. Nhf3 Qa6 30. Qe7 Qd6 31. Qxh4 Bxb7 32. Ng5 Qh6 33. Qxh6 gxh6
34. Nexf7 Rf8 35. Nxh6+ Kg7 36. Ne6+ 1-0

[Event "EU-ch (Women) 11th"]
[Site "Rijeka"]
[Date "2010.03.06"]
[Round "1.65"]
[White "Tonel, Giulia"]
[Black "Zakurdjaeva, Irina"]
[Result "1/2-1/2"]
[WhiteElo "2023"]
[BlackElo "2313"]
[PlyCount "111"]
[EventDate "2010.03.06"]
[EventType "swiss"]
[EventRounds "11"]
[EventCountry "CRO"]
[SourceDate "2010.03.06"]

1. e4 c5 2. Nf3 d6 3. d4 cxd4 4. Qxd4 a6 5. Be3 Nc6 6. Qb6 Qxb6 7. Bxb6 Nf6 8.
Nc3 Nd7 9. Be3 e6 10. a4 b6 11. Nd2 Rb8 12. O-O-O Nce5 13. Be2 Nf6 14. f4 Ned7
15. Rhe1 Bb7 16. Bf3 Rc8 17. e5 Bxf3 18. Nxf3 dxe5 19. fxe5 Ng4 20. Bf4 Bb4 21.
Bd2 Nf2 22. Ne4 Bxd2+ 23. Rxd2 Nxe4 24. Rxe4 Ke7 25. Kb1 Rhd8 26. Rg4 g6 27.
Rgd4 Nc5 28. b3 Rxd4 29. Rxd4 Rd8 30. Rb4 Rd1+ 31. Kb2 Nd7 32. Kc3 a5 33. Rb5
f6 34. exf6+ Kxf6 35. Ng5 h6 36. Ne4+ Ke7 37. g3 g5 38. h4 gxh4 39. gxh4 e5 40.
b4 Rd4 41. Ng3 Rf4 42. Ne2 Re4 43. Kd3 Rxh4 44. bxa5 bxa5 45. c4 Kd6 46. Rxa5
Nc5+ 47. Kc3 Rh3+ 48. Kc2 Rh2 49. Kd1 h5 50. Ra8 h4 51. a5 Rh1+ 52. Kc2 h3 53.
a6 Kc7 54. a7 Ra1 55. Rh8 Rxa7 56. Rxh3 1/2-1/2

[Event "EU-ch (Women) 11th"]
[Site "Rijeka"]
[Date "2010.03.06"]
[Round "1.66"]
[White "Kadziolka, Beata"]
[Black "De Seroux, Camille"]
[Result "1-0"]
[WhiteElo "2311"]
[BlackElo "2019"]
[PlyCount "53"]
[EventDate "2010.03.06"]
[EventType "swiss"]
[EventRounds "11"]
[EventCountry "CRO"]
[SourceDate "2010.03.06"]

1. d4 Nf6 2. c4 g6 3. Nc3 Bg7 4. e4 d6 5. Nf3 O-O 6. h3 c5 7. d5 e6 8. Bd3 exd5
9. cxd5 b5 10. Nxb5 Re8 11. O-O Nxe4 12. Re1 Nf6 13. Rxe8+ Nxe8 14. Qe2 Bb7 15.
Bc4 Nd7 16. Bg5 Bf6 17. Bh6 Nb6 18. Nc3 Nc7 19. Rd1 Nxc4 20. Qxc4 Ba6 21. Qf4
Rb8 22. Ne4 Be7 23. Nfg5 f5 24. Ne6 Nxe6 25. dxe6 Rb4 26. Rxd6 Qc8 27. Qe5 1-0

[Event "EU-ch (Women) 11th"]
[Site "Rijeka"]
[Date "2010.03.06"]
[Round "1.67"]
[White "Boyarchenko, Marie"]
[Black "Nebolsina, Vera"]
[Result "1/2-1/2"]
[WhiteElo "2009"]
[BlackElo "2310"]
[PlyCount "59"]
[EventDate "2010.03.06"]
[EventType "swiss"]
[EventRounds "11"]
[EventCountry "CRO"]
[SourceDate "2010.03.06"]

1. e4 c5 2. Nf3 d6 3. d4 cxd4 4. Nxd4 Nf6 5. Nc3 g6 6. Be3 Bg7 7. f3 O-O 8. Qd2
Nc6 9. Bc4 Bd7 10. O-O-O Rc8 11. Bb3 Nxd4 12. Bxd4 b5 13. e5 dxe5 14. Bxe5 Bc6
15. Nd5 Nxd5 16. Bxg7 Kxg7 17. Bxd5 Bxd5 18. Qxd5 Qc7 19. Qe4 Rfd8 20. g3 Qc5
21. Rhe1 Rxd1+ 22. Kxd1 Kg8 23. c3 a5 24. Qxe7 Qc4 25. Qd7 Rc5 26. Re8+ Kg7 27.
Qd4+ Qxd4+ 28. cxd4 Rd5 29. Re5 Rxd4+ 30. Kc2 1/2-1/2

[Event "EU-ch (Women) 11th"]
[Site "Rijeka"]
[Date "2010.03.06"]
[Round "1.68"]
[White "Borosova, Zuzana"]
[Black "Kanceljak, Dalia"]
[Result "1-0"]
[WhiteElo "2307"]
[BlackElo "1939"]
[PlyCount "107"]
[EventDate "2010.03.06"]
[EventType "swiss"]
[EventRounds "11"]
[EventCountry "CRO"]
[SourceDate "2010.03.06"]

1. e4 c5 2. Nf3 e6 3. d4 cxd4 4. Nxd4 d6 5. Nc3 Nf6 6. g3 Be7 7. Bg2 O-O 8. O-O
Nc6 9. Be3 Bd7 10. Nb3 Ne5 11. Qe2 Qc8 12. Rad1 Qc4 13. Qe1 Qc7 14. f4 Nc4 15.
Bc1 Rac8 16. Kh1 b5 17. Nd4 b4 18. Nb1 a5 19. c3 Qc5 20. b3 Nb6 21. Be3 Qc7 22.
cxb4 a4 23. bxa4 Nxa4 24. Rc1 Qb8 25. a3 Ng4 26. Bg1 Rxc1 27. Qxc1 Rc8 28. Qd1
h5 29. Bf3 Nc3 30. Qd2 Nb5 31. Nxb5 Bxb5 32. Rc1 Nf6 33. Rxc8+ Qxc8 34. Qc3 Qb7
35. Nd2 Bc6 36. Qd4 Qb5 37. Qb6 Qa4 38. Qe3 Qc2 39. h3 d5 40. e5 Ne8 41. Nb3
Qf5 42. Kg2 Qc2+ 43. Bf2 Ba4 44. Nd4 Qb2 45. f5 Nc7 46. fxe6 fxe6 47. Bxh5 Bd7
48. Bg6 Qa1 49. Qf3 Be8 50. Bxe8 Nxe8 51. Qb3 Nc7 52. Qc2 Bd8 53. a4 Qa3 54. b5
1-0

[Event "EU-ch (Women) 11th"]
[Site "Rijeka"]
[Date "2010.03.06"]
[Round "1.69"]
[White "Tomulic, Vesna"]
[Black "Paulet, Iosefina"]
[Result "0-1"]
[WhiteElo "1930"]
[BlackElo "2303"]
[PlyCount "34"]
[EventDate "2010.03.06"]
[EventType "swiss"]
[EventRounds "11"]
[EventCountry "CRO"]
[SourceDate "2010.03.06"]

1. e4 c5 2. Nf3 d6 3. d4 cxd4 4. Nxd4 Nf6 5. Nc3 a6 6. a4 Nc6 7. Be3 e5 8. Nb3
Be7 9. a5 Be6 10. Nd5 O-O 11. f3 Nd7 12. Qd2 f5 13. exf5 Rxf5 14. Bd3 Bh4+ 15.
Ke2 Rf7 16. Be4 Nf6 17. Bb6 Nxe4 0-1

[Event "EU-ch (Women) 11th"]
[Site "Rijeka"]
[Date "2010.03.06"]
[Round "1.70"]
[White "Purtseladze, Maka"]
[Black "Yusuphanova, Saida"]
[Result "1-0"]
[WhiteElo "2299"]
[BlackElo "1843"]
[PlyCount "67"]
[EventDate "2010.03.06"]
[EventType "swiss"]
[EventRounds "11"]
[EventCountry "CRO"]
[SourceDate "2010.03.06"]

1. d4 d5 2. Nf3 Nc6 3. e3 Bg4 4. Bb5 e6 5. c4 Bb4+ 6. Bd2 Bxd2+ 7. Nbxd2 Nge7
8. Qb3 O-O 9. cxd5 Qxd5 10. Rc1 Bxf3 11. gxf3 Qxb3 12. Nxb3 Rfd8 13. O-O Rd5
14. Bd3 Rg5+ 15. Kh1 Nd5 16. f4 Rh5 17. Be2 Rh6 18. Bf3 Ncb4 19. a3 Na6 20. Na5
b6 21. Nc6 Nb8 22. Bxd5 exd5 23. Ne7+ Kf8 24. Nxd5 Nc6 25. Nxc7 Rd8 26. d5 Ne7
27. Rfd1 Nf5 28. e4 Nh4 29. e5 Rh5 30. d6 Rh6 31. Nd5 Nf3 32. Kg2 Nh4+ 33. Kf1
Rg6 34. d7 1-0

[Event "EU-ch (Women) 11th"]
[Site "Rijeka"]
[Date "2010.03.06"]
[Round "1.71"]
[White "Kukic, Lora"]
[Black "Berend, Elvira"]
[Result "0-1"]
[WhiteElo "1723"]
[BlackElo "2299"]
[PlyCount "102"]
[EventDate "2010.03.06"]
[EventType "swiss"]
[EventRounds "11"]
[EventCountry "CRO"]
[SourceDate "2010.03.06"]

1. d4 Nf6 2. Nf3 e6 3. c4 c5 4. e3 a6 5. Nc3 d5 6. b3 cxd4 7. exd4 Bb4 8. Bd2
dxc4 9. bxc4 O-O 10. Bd3 Nc6 11. Ne2 Qe7 12. Rb1 Bxd2+ 13. Qxd2 e5 14. dxe5
Nxe5 15. Nxe5 Qxe5 16. O-O Bd7 17. Rfe1 Qc7 18. Qf4 Qxf4 19. Nxf4 Bc6 20. Bc2
Rfd8 21. Rbd1 Kf8 22. f3 Rxd1 23. Rxd1 Rc8 24. Bb3 a5 25. Rd4 Nd7 26. Nd3 Ke7
27. Kf2 Nf8 28. Ne5 Ne6 29. Nxc6+ bxc6 30. Rh4 h6 31. Rh5 c5 32. Ke3 Rb8 33.
Kd2 a4 34. Bxa4 Rb2+ 35. Ke3 Rxa2 36. Bc6 Rxg2 37. Bd5 Nd4 38. Be4 Rg5 39. Rh4
f5 40. Bd5 Rg2 41. Rh5 Kf6 42. f4 Rb2 43. Rh4 Nc2+ 44. Kd3 Nb4+ 45. Kc3 Rf2 46.
Bb7 Rc2+ 47. Kb3 Rd2 48. Ka4 Nd3 49. Bd5 Rf2 50. Kb5 Nxf4 51. Kxc5 Kg5 0-1

[Event "EU-ch (Women) 11th"]
[Site "Rijeka"]
[Date "2010.03.06"]
[Round "1.72"]
[White "Mammadova, Gulnar"]
[Black "Starcevic, Andrea"]
[Result "1-0"]
[WhiteElo "2299"]
[BlackElo "1712"]
[PlyCount "51"]
[EventDate "2010.03.06"]
[EventType "swiss"]
[EventRounds "11"]
[EventCountry "CRO"]
[SourceDate "2010.03.06"]

1. e4 c5 2. Nc3 d6 3. g3 Nf6 4. Bg2 Nc6 5. d3 e6 6. f4 Be7 7. Nf3 O-O 8. O-O a6
9. h3 Qc7 10. g4 b5 11. Qe1 Bb7 12. Ne2 Nb4 13. Qd2 Rad8 14. a3 Nc6 15. Qe1 d5
16. e5 Nd7 17. Ng3 d4 18. g5 Nb6 19. Ne4 Nd5 20. Qh4 Rfe8 21. Nf6+ Nxf6 22.
gxf6 Bf8 23. Ng5 h6 24. Ne4 g6 25. f5 Kh7 26. Bxh6 1-0

[Event "EU-ch (Women) 11th"]
[Site "Rijeka"]
[Date "2010.03.06"]
[Round "1.73"]
[White "Racki, Barbara"]
[Black "Dolukhanova, Evgeniya"]
[Result "0-1"]
[WhiteElo "1698"]
[BlackElo "2297"]
[PlyCount "50"]
[EventDate "2010.03.06"]
[EventType "swiss"]
[EventRounds "11"]
[EventCountry "CRO"]
[SourceDate "2010.03.06"]

1. e4 c5 2. Nf3 Nc6 3. c3 d5 4. exd5 Qxd5 5. d4 Nf6 6. c4 Qe4+ 7. Be3 cxd4 8.
Nxd4 e5 9. Nxc6 Qxc6 10. Nc3 Bb4 11. Qb3 Bxc3+ 12. Qxc3 O-O 13. f3 Be6 14. Be2
Rac8 15. Rc1 Qa6 16. a3 e4 17. Qb4 exf3 18. Bxf3 Bxc4 19. Kf2 Nd5 20. Bxd5 Bxd5
21. Rhd1 Qe6 22. Bxa7 Qg6 23. g3 Qf5+ 24. Qf4 Qe4 25. Re1 Qg2+ 0-1

[Event "EU-ch (Women) 11th"]
[Site "Rijeka"]
[Date "2010.03.06"]
[Round "1.74"]
[White "Aginian, Nelly"]
[Black "Goslawska, Cecylia"]
[Result "1-0"]
[WhiteElo "2296"]
[BlackElo "1683"]
[PlyCount "31"]
[EventDate "2010.03.06"]
[EventType "swiss"]
[EventRounds "11"]
[EventCountry "CRO"]
[SourceDate "2010.03.06"]

1. e4 e5 2. Nf3 Nc6 3. Bb5 d6 4. c3 Be6 5. d4 Bd7 6. O-O Nf6 7. Re1 g6 8. Nbd2
exd4 9. cxd4 Bg7 10. e5 dxe5 11. dxe5 Nd5 12. Ne4 Nde7 13. Nf6+ Bxf6 14. exf6
Be6 15. Qxd8+ Rxd8 16. fxe7 1-0